| 000 | 00494cam a2200133 4500500 | ||
|---|---|---|---|
| 005 | 20260322001212.0 | ||
| 041 | _afre | ||
| 042 | _adc | ||
| 100 | 1 | 0 |
_aCaron, Maxence _eauthor |
| 245 | 0 | 0 | _aLa Transcendance offusquée : De la philosophie |
| 260 |
_bLes Belles lettres,
_c2018. |
||
| 520 | _a« La philosophie n’avait pas encore commencé. C’est fait. » M.C. | ||
| 856 | 4 | 1 | _uhttps://shs.cairn.info/la-transcendance-offusquee--9782251447759?lang=fr&redirect-ssocas=7080 |
| 999 |
_c1712839 _d1712839 |
||